000 00736cam a22002292 4500
001 0000020869
005 20151217145928.0
008 111025s xx 000 0 eng d
020 _a0521356822 :
040 _aKABU
_cKABU
100 1 _aCaenegem, R. C. Van.
_@0000181516
245 1 4 _aThe Birth of the English common law /
_cR. C. Van Caenegem.
250 _a1st ed.
260 _aNew York :
_bCUP,
_c1988.
300 _axvii, 160 p.
650 0 _aCommon law
_xHistory
_zGreat Britain.
_@0000181517
650 0 _aLaw
_xHistory
_zGreat Britain.
_@0000181518
852 1 _9p5300 KES
852 1 _9p5300 KES
908 _a111025
950 _@1
999 _c4203
_d4203